YB – Norwegian Postal Codes — 1300-1999 - Statistics

General Stats
  • This quiz has been taken 17 times
  • The average score is 298 of 447
Answer Stats
Postal Code Postal Code with Area % Correct
1738 Borgenhaugen
100%
1739 Borgenhaugen
100%
1719 Greåker
100%
1798 Aremark
67%
1799 Aremark
67%
1430 Ås
67%
1431 Ås
67%
1432 Ås
67%
1433 Ås
67%
1434 Ås
67%
1435 Ås
67%
1371 Asker
67%
1372 Asker
67%
1373 Asker
67%
1383 Asker
67%
1384 Asker
67%
1385 Asker
67%
1386 Asker
67%
1387 Asker
67%
1399 Asker
67%
1801 Askim
67%
1802 Askim
67%
1803 Askim
67%
1807 Askim
67%
1808 Askim
67%
1809 Askim
67%
1811 Askim
67%
1812 Askim
67%
1813 Askim
67%
1814 Askim
67%
1815 Askim
67%
1830 Askim
67%
1831 Askim
67%
1832 Askim
67%
1833 Askim
67%
1928 Auli
67%
1929 Auli
67%
1930 Aurskog
67%
1931 Aurskog
67%
1317 Bærums Verk
67%
1353 Bærums Verk
67%
1354 Bærums Verk
67%
1866 Båstad
67%
1867 Båstad
67%
1318 Bekkestua
67%
1319 Bekkestua
67%
1356 Bekkestua
67%
1357 Bekkestua
67%
1789 Berg i Østfold
67%
1375 Billingstad
67%
1376 Billingstad
67%
1377 Billingstad
67%
1396 Billingstad
67%
1940 Bjørkelangen
67%
1941 Bjørkelangen
67%
1453 Bjørnemyr
67%
1925 Blaker
67%
1926 Blaker
67%
1365 Blommenholm
67%
1388 Borgen
67%
1740 Borgenhaugen
67%
1892 Degernes
67%
1893 Degernes
67%
1570 Dilling
67%
1311 Høvikodden
67%
1300 Sandvika
67%
1440 Drøbak
67%
1441 Drøbak
67%
1442 Drøbak
67%
1443 Drøbak
67%
1444 Drøbak
67%
1445 Drøbak
67%
1446 Drøbak
67%
1447 Drøbak
67%
1448 Drøbak
67%
1449 Drøbak
67%
1880 Eidsberg
67%
1316 Eiksmarka
67%
1359 Eiksmarka
67%
1912 Enebakk
67%
1910 Enebakkneset
67%
1628 Engelsviken
67%
1454 Fagerstrand
67%
1457 Fagerstrand
67%
1900 Fetsund
67%
1901 Fetsund
67%
1468 Finstadjordet
67%
1475 Finstadjordet
67%
1472 Fjellhamar
67%
1477 Fjellhamar
67%
1458 Fjellstrand
67%
1911 Flateby
67%
1916 Flateby
67%
1307 Fornebu
67%
1330 Fornebu
67%
1331 Fornebu
67%
1360 Fornebu
67%
1364 Fornebu
67%
1963 Fosser
67%
1601 Fredrikstad
67%
1602 Fredrikstad
67%
1604 Fredrikstad
67%
1605 Fredrikstad
67%
1606 Fredrikstad
67%
1607 Fredrikstad
67%
1608 Fredrikstad
67%
1609 Fredrikstad
67%
1610 Fredrikstad
67%
1612 Fredrikstad
67%
1613 Fredrikstad
67%
1614 Fredrikstad
67%
1615 Fredrikstad
67%
1616 Fredrikstad
67%
1617 Fredrikstad
67%
1618 Fredrikstad
67%
1619 Fredrikstad
67%
1629 Gamle Fredrikstad
67%
1630 Gamle Fredrikstad
67%
1632 Gamle Fredrikstad
67%
1633 Gamle Fredrikstad
67%
1634 Gamle Fredrikstad
67%
1636 Gamle Fredrikstad
67%
1637 Gamle Fredrikstad
67%
1638 Gamle Fredrikstad
67%
1639 Gamle Fredrikstad
67%
1903 Gan
67%
1342 Gjettum
67%
1346 Gjettum
67%
1712 Grålum
67%
1713 Grålum
67%
1714 Grålum
67%
1718 Greåker
67%
1720 Greåker
67%
1620 Gressvik
67%
1621 Gressvik
67%
1622 Gressvik
67%
1623 Gressvik
67%
1624 Gressvik
67%
1878 Hærland
67%
1733 Hafslundsøy
67%
1734 Hafslundsøy
67%
1481 Hagan
67%
1483 Hagan
67%
1484 Hakadal
67%
1485 Hakadal
67%
1487 Hakadal
67%
1488 Hakadal
67%
1751 Halden
67%
1752 Halden
67%
1753 Halden
67%
1754 Halden
67%
1757 Halden
67%
1759 Halden
67%
1760 Halden
67%
1761 Halden
67%
1762 Halden
67%
1763 Halden
67%
1764 Halden
67%
1765 Halden
67%
1766 Halden
67%
1767 Halden
67%
1768 Halden
67%
1769 Halden
67%
1771 Halden
67%
1772 Halden
67%
1776 Halden
67%
1777 Halden
67%
1778 Halden
67%
1779 Halden
67%
1781 Halden
67%
1782 Halden
67%
1783 Halden
67%
1784 Halden
67%
1785 Halden
67%
1786 Halden
67%
1787 Halden
67%
1788 Halden
67%
1305 Haslum
67%
1344 Haslum
67%
1380 Heggedal
67%
1389 Heggedal
67%
1970 Hemnes
67%
1971 Hemnes
67%
1690 Herføl
67%
1827 Hobøl
67%
1828 Hobøl
67%
1550 Hølen
67%
1362 Hosle
67%
1322 Høvik
67%
1323 Høvik
67%
1328 Høvik
67%
1363 Høvik
67%
1395 Hvalstad
67%
1545 Hvitsten
67%
1730 Ise
67%
1308 Jar
67%
1358 Jar
67%
1742 Klavestadhaugen
67%
1743 Klavestadhaugen
67%
1823 Knapstad
67%
1410 Kolbotn
67%
1411 Kolbotn
67%
1418 Kolbotn
67%
1333 Kolsås
67%
1352 Kolsås
67%
1796 Kornsjø
67%
1670 Kråkerøy
67%
1671 Kråkerøy
67%
1672 Kråkerøy
67%
1673 Kråkerøy
67%
1675 Kråkerøy
67%
1676 Kråkerøy
67%
1678 Kråkerøy
67%
1679 Kråkerøy
67%
1408 Kråkstad
67%
1479 Kurland
67%
1403 Langhus
67%
1405 Langhus
67%
1560 Larkollen
67%
1561 Larkollen
67%
1960 Løken
67%
1961 Løken
67%
1329 Lommedalen
67%
1350 Lommedalen
67%
1461 Lørenskog
67%
1470 Lørenskog
67%
1471 Lørenskog
67%
1473 Lørenskog
67%
1474 Lørenskog
67%
1478 Lørenskog
67%
1324 Lysaker
67%
1325 Lysaker
67%
1326 Lysaker
67%
1327 Lysaker
67%
1366 Lysaker
67%
1625 Manstad
67%
1626 Manstad
67%
1501 Moss
67%
1502 Moss
67%
1503 Moss
67%
1504 Moss
67%
1506 Moss
67%
1508 Moss
67%
1509 Moss
67%
1510 Moss
67%
1511 Moss
67%
1512 Moss
67%
1513 Moss
67%
1514 Moss
67%
1515 Moss
67%
1516 Moss
67%
1517 Moss
67%
1518 Moss
67%
1519 Moss
67%
1520 Moss
67%
1521 Moss
67%
1522 Moss
67%
1523 Moss
67%
1524 Moss
67%
1525 Moss
67%
1526 Moss
67%
1528 Moss
67%
1529 Moss
67%
1530 Moss
67%
1531 Moss
67%
1532 Moss
67%
1533 Moss
67%
1534 Moss
67%
1535 Moss
67%
1536 Moss
67%
1537 Moss
67%
1538 Moss
67%
1539 Moss
67%
1596 Moss
67%
1597 Moss
67%
1598 Moss
67%
1599 Moss
67%
1850 Mysen
67%
1851 Mysen
67%
1852 Mysen
67%
1692 Nedgården
67%
1378 Nesbru
67%
1379 Nesbru
67%
1394 Nesbru
67%
1459 Nesodden
67%
1450 Nesoddtangen
67%
1451 Nesoddtangen
67%
1452 Nesoddtangen
67%
1456 Nesoddtangen
67%
1397 Nesøya
67%
1482 Nittedal
67%
1486 Nittedal
67%
1455 Nordre Frogn
67%
1415 Oppegård
67%
1416 Oppegård
67%
1419 Oppegård
67%
1870 Ørje
67%
1871 Ørje
67%
1332 Østerås
67%
1361 Østerås
67%
1875 Otteid
67%
1640 Råde
67%
1641 Råde
67%
1643 Råde
67%
1890 Rakkestad
67%
1891 Rakkestad
67%
1894 Rakkestad
67%
1927 Rånåsfoss
67%
1469 Rasta
67%
1476 Rasta
67%
1661 Rolvsøy
67%
1662 Rolvsøy
67%
1663 Rolvsøy
67%
1664 Rolvsøy
67%
1665 Rolvsøy
67%
1666 Rolvsøy
67%
1667 Rolvsøy
67%
1950 Rømskog
67%
1951 Rømskog
67%
1309 Rud
67%
1351 Rud
67%
1580 Rygge
67%
1581 Rygge
67%
1590 Rygge
67%
1334 Rykkinn
67%
1348 Rykkinn
67%
1349 Rykkinn
67%
1642 Saltnes
67%
1301 Sandvika
67%
1302 Sandvika
67%
1303 Sandvika
67%
1304 Sandvika
67%
1306 Sandvika
67%
1336 Sandvika
67%
1337 Sandvika
67%
1338 Sandvika
67%
1701 Sarpsborg
67%
1702 Sarpsborg
67%
1703 Sarpsborg
67%
1704 Sarpsborg
67%
1705 Sarpsborg
67%
1706 Sarpsborg
67%
1707 Sarpsborg
67%
1708 Sarpsborg
67%
1709 Sarpsborg
67%
1710 Sarpsborg
67%
1711 Sarpsborg
67%
1721 Sarpsborg
67%
1722 Sarpsborg
67%
1723 Sarpsborg
67%
1724 Sarpsborg
67%
1725 Sarpsborg
67%
1726 Sarpsborg
67%
1727 Sarpsborg
67%
1650 Sellebakk
67%
1651 Sellebakk
67%
1653 Sellebakk
67%
1654 Sellebakk
67%
1655 Sellebakk
67%
1954 Setskog
67%
1404 Siggerud
67%
1422 Siggerud
67%
1400 Ski
67%
1401 Ski
67%
1402 Ski
67%
1406 Ski
67%
1423 Ski
67%
1424 Ski
67%
1425 Ski
67%
1806 Skiptvet
67%
1816 Skiptvet
67%
1680 Skjærhalden
67%
1682 Skjærhalden
67%
1745 Skjeberg
67%
1746 Skjeberg
67%
1747 Skjeberg
67%
1409 Skotbu
67%
1340 Skui
67%
1480 Slattum
67%
1312 Slependen
67%
1341 Slependen
67%
1859 Slitu
67%
1335 Snarøya
67%
1367 Snarøya
67%
1412 Sofiemyr
67%
1417 Sofiemyr
67%
1553 Son
67%
1554 Son
67%
1555 Son
67%
1556 Son
67%
1923 Sørum
67%
1924 Sørum
67%
1920 Sørumsand
67%
1921 Sørumsand
67%
1591 Sperrebotn
67%
1794 Sponvika
67%
1804 Spydeberg
67%
1820 Spydeberg
67%
1821 Spydeberg
67%
1321 Stabekk
67%
1368 Stabekk
67%
1369 Stabekk
67%
1465 Strømmen
67%
1466 Strømmen
67%
1467 Strømmen
67%
1420 Svartskog
67%
1593 Svinndal
67%
1413 Tårnåsen
67%
1790 Tistedal
67%
1791 Tistedal
67%
1792 Tistedal
67%
1793 Tistedal
67%
1805 Tomter
67%
1825 Tomter
67%
1657 Torp
67%
1658 Torp
67%
1659 Torp
67%
1860 Trøgstad
67%
1861 Trøgstad
67%
1414 Trollåsen
67%
1421 Trollåsen
67%
1592 Våler i Østfold
67%
1594 Våler i Østfold
67%
1735 Varteig
67%
1540 Vestby
67%
1541 Vestby
67%
1542 Vestby
67%
1543 Vestby
67%
1544 Vestby
67%
1683 Vesterøy
67%
1684 Vesterøy
67%
1381 Vettre
67%
1392 Vettre
67%
1407 Vinterbro
67%
1429 Vinterbro
67%
1390 Vollen
67%
1391 Vollen
67%
1393 Vollen
67%
1313 Vøyenenga
67%
1314 Vøyenenga
67%
1339 Vøyenenga
67%
1914 Ytre Enebakk
67%
1917 Ytre Enebakk
67%
1715 Yven
67%
1462 Fjellhamar
33%
1463 Fjellhamar
33%
1464 Fjellhamar
33%
No matching quizzes found
Score Distribution
Percent of People with Each Score
Percentile by Number Answered
Your Score History
You have not taken this quiz